Posúdenie reputačných rizík vo výrobnom podniku diplomová práca

Enregistré dans:
Détails bibliographiques
Auteur principal: Pačanová, Mária
Collectivité auteur: Fakulta podnikového manažmentu EU. Katedra podnikovohospodárska
Autres auteurs: Rybárová, Daniela, 1967-
Format: Livre
Langue:slovaque
Publié: Bratislava 2021
Tags: Ajouter un tag
Pas de tags, Soyez le premier à ajouter un tag!

MARC

LEADER 00000nbm a2200000 4500
001 0275815
005 20211203095126.1
041 0 |a slo 
044 |a SK 
245 1 0 |a Posúdenie reputačných rizík vo výrobnom podniku  |b diplomová práca  |c Mária Pačanová ; školiteľ: Daniela Rybárová 
264 1 |a Bratislava  |c 2021 
300 |a 73 s. 
100 1 |a Pačanová, Mária 
700 1 |a Rybárová, Daniela, 1967- 
710 2 |a Fakulta podnikového manažmentu EU. Katedra podnikovohospodárska